| 000 | 01194nac a22002891u 4500 | ||
|---|---|---|---|
| 010 | _a 2003012908 | ||
| 020 | _a019517111X (alk. paper) | ||
| 022 | _a0195183568 | ||
| 082 | 0 | 0 |
_a297.09182 _bR1408 |
| 090 |
_c2767 _d2767 |
||
| 100 | _aRamadan, Tariq. | ||
| 245 | 1 | 0 |
_aWestern Muslims and the future of Islam / _cTariq Ramadan. |
| 260 |
_aOxford ; _aNew York : _bOxford University Press,2004 _c2004. |
||
| 300 |
_ax, 272 p. : _bill. ; _c24 cm. |
||
| 504 | _aIncludes bibliographical references and index. | ||
| 650 | 0 |
_aIslam _zEurope. |
|
| 650 | 0 |
_aMuslims _zEurope. |
|
| 650 | 0 |
_aIslamic renewal _zEurope. |
|
| 650 | 0 |
_aIslamic modernism _zEurope. |
|
| 650 | 0 |
_aMuslims _xCultural assimilation _zEurope. |
|
| 650 | 0 |
_aIslam _y21st century. |
|
| 651 | 0 |
_aEurope _xEthnic relations. |
|
| 856 | 4 | 1 |
_3Table of contents only _uhttp://www.loc.gov/catdir/toc/ecip045/2003012908.html |
| 856 | 4 | 1 |
_3Publisher description _uhttp://www.loc.gov/catdir/enhancements/fy0614/2003012908-d.html |
| 942 |
_cBB _k297.09182R1408 |
||
| 999 |
_c2767 _d2767 |
||